000 00303nam a22001337a 4500
008 170622b xxu||||| |||| 00| 0 eng d
020 _a9780742555723
041 _aeng
080 _a32
100 _a21
101 _aSHP
245 _aGLOBALIZATION & SOCIAL MOVEMENTS
_cMOGHADAM,V.M
942 _2udc
_cBK
999 _c18730
_d18730